00974cam a2200241 a 450000100100000000500170001000800410002704000230006808200180009110000500010924500930015926000480025230000260030049000410032650400420036765000280040965000440043770000350048183000460051691000340056295201210059699900150071700000641020200929153928.0800607s1978 cu 001 p spa d aDO-SdBNPcCtYdDLC aV863.4bN964c1 aNuñez, Enrique Bernardo,d1895-1964.91781710aCubagua :bla galera de Tiberio /cEnrique Bernardo Nuñez ; editor, Clara Hernández. aLa Habana :bCasa de las Américas,c1978. axlv, 239 p. ;c20 cm.1 aLiteratura Latinoamericana ;vno. 92 aIncluye referencias bibliográficas. 4aNovela venezolana93962 4aLiteratura venezolanaySIGLO XXI9173611 aHernández, Clara,eed.94129 0aLiteratura Latinoamericana ;vno. 929500 aCatalogación por copia / LC 001052708MOaGRbGRcCTd2009-08-28iLF1l0oV863.4 N964cp6410-10r2020-06-25w2020-06-25y2ZPréstamo interno c6205d6205